000 00277nam a22001337a 4500
008 181009b xxu||||| |||| 00| 0 eng d
020 _a0805376135
041 _aeng
080 _a573
100 _a11
101 _aMIKB
245 _aMicrobiology
_cTortora
942 _2udc
_cBK
999 _c49127
_d49127